[Event "Marmaris Karya-12 IM 2022"]
[Site "Icmeler-Marmaris"]
[Date "2022.01.23"]
[Round "8.5"]
[White "Darban, Morteza"]
[Black "Ozturk, Ibrahim Muhammed"]
[Result "1-0"]
[WhiteElo "2261"]
[BlackElo "1265"]
[Annotator "TA"]
[PlyCount "45"]
[EventDate "2022.01.22"]
[EventType "schev"]
[EventCountry "TUR"]
[SourceTitle "playchess.com"]
[Source "ChessBase"]
[SourceQuality "1"]

{[%evp 9,45,28,36,33,56,41,42,36,31,41,25,31,39,27,40,30,80,79,81,71,218,223,206,225,266,271,261,262,367,356,366,366,361,358,749,750,29998,29999]} 1. c4 d5 2. cxd5 Qxd5 3. Nc3 Qa5 4. g3 e5 5. Bg2 c6 6. Nf3 {A10: English Opening: Unusual Replies for Black.} Bd6 7. O-O {Strongly threatening d4.} Nf6 8. d3 {White is slightly better.} O-O {[#]} 9. Rb1 $146 ({Predecessor:} 9. a3 Bf5 10. Nd2 Qd8 11. Nc4 Bc7 12. b4 Be6 13. Bb2 Nbd7 14. b5 Rb8 15. bxc6 bxc6 {½-½ (47) Muthaiah,A (2206)-Rajesh,V (2331) Bhubaneswar 2015}) 9... Be6 10. Bd2 Qc7 11. b4 a6 12. Ng5 Qe7 (12... Bf5 $11 {remains equal.}) 13. Nxe6 $16 Qxe6 14. a4 Nd5 {Loses the game.} (14... Nbd7 $16) 15. Nxd5 $18 cxd5 16. Qb3 Rd8 17. Qxd5 Qxd5 18. Bxd5 {A strong pair of Bishops.} Bxb4 (18... Nc6 $142 19. b5 axb5 20. axb5 (20. Rxb5 Bf8 $18) 20... Ne7) 19. Bxb7 ({Less strong is} 19. Rxb4 Rxd5 20. Rxb7 Nc6 $16) 19... Bxd2 20. Bxa8 Nd7 21. Bc6 {[#] Black must now prevent Bxd7.} a5 $2 (21... Nc5 22. Rfd1 Bg5) 22. Bxd7 Rxd7 23. Rb8+ {Weighted Error Value: White=0.04 (flawless) /Black=0.85} 1-0

[Event "Marmaris Karya-12 IM 2022"]
[Site "Icmeler-Marmaris"]
[Date "2022.01.23"]
[Round "9.1"]
[White "Koseoglu, Osman Ogul"]
[Black "Haussernot, Cecile"]
[Result "0-1"]
[WhiteElo "1733"]
[BlackElo "2188"]
[Annotator "TA"]
[PlyCount "40"]
[EventDate "2022.01.22"]
[EventType "schev"]
[EventCountry "TUR"]
[SourceTitle "playchess.com"]
[Source "ChessBase"]
[SourceQuality "1"]

{[%evp 18,40,5,-4,56,35,23,34,41,27,24,14,17,13,11,-328,-337,-335,-324,-331,-324,-364,-354,-359,-325]} 1. d4 Nf6 2. Nf3 e6 3. g3 b6 4. Bg2 Bb7 5. c4 Be7 6. Nc3 Ne4 7. Qc2 Nxc3 8. bxc3 f5 9. d5 O-O 10. O-O Bf6 {E19: Queen's Indian: Old Main Line with 7...Ne4 8 Qc2 Nxc3 8 Qxc3.} (10... Na6 $11) 11. Ba3 {[#]} (11. Nd4 {feels hotter.} g6 12. e4 Na6 13. Bh6 Re8 14. Rae1) 11... Be7 $146 ({Predecessor:} 11... Re8 12. Rad1 Qc8 13. Nd4 g6 14. Rfe1 e5 15. Nb3 d6 16. e4 f4 17. Qd3 Nd7 18. Bh3 {0-1 (48) Lin,H (1805)-Wang,S (2341) Jiangmen 2018}) 12. Bxe7 Qxe7 {White is slightly better.} 13. Nd4 $1 {[%cal Od5d6] [#] Black must now prevent d6!} Qc5 14. e4 {[%cal Re4f5]} (14. Qd3 {is more complex.} exd5 15. cxd5 Bxd5 16. Nb3 Bxb3 17. axb3 c6 18. b4) 14... Qxc4 {[%cal Re6d5]} 15. dxe6 dxe6 16. Nxe6 {[%mdl 8192] This costs White the game.} Qxe6 $19 17. exf5 Qc8 18. Qb3+ Kh8 {Strongly threatening ...Bxg2.} 19. Qe6 {[#] Hoping for Qxc8.} Bxg2 20. Kxg2 Na6 {Weighted Error Value: White=0.60/Black=0.16 (very precise)} 0-1

[Event "Marmaris Karya-12 IM 2022"]
[Site "Icmeler-Marmaris"]
[Date "2022.01.23"]
[Round "9.2"]
[White "Inci, Okan"]
[Black "Boshra, Alshaeby"]
[Result "1-0"]
[WhiteElo "1653"]
[BlackElo "1974"]
[Annotator "TA"]
[PlyCount "42"]
[EventDate "2022.01.22"]
[EventType "schev"]
[EventCountry "TUR"]
[SourceTitle "playchess.com"]
[Source "ChessBase"]
[SourceQuality "1"]

{[%evp 18,42,58,41,83,52,115,34,31,35,32,26,25,31,62,65,66,27,41,42,72,72,89,86,99,86,105]} 1. d4 g6 2. c4 Bg7 3. Nf3 d6 4. Nc3 Nd7 5. g3 Ngf6 6. Bg2 O-O 7. O-O a6 8. e4 e5 {8...c5 is vanishing.} 9. h3 exd4 10. Nxd4 ({But not} 10. Qxd4 Re8 11. Bg5 h6 12. Bxf6 Nxf6 $15) 10... c5 {E68: King's Indian: Fianchetto: 6...Nbd7 7 0-0 e5 8 e4.} (10... Rb8 $14) 11. Nc2 {[#] White is more active.} Rb8 $146 (11... Ne8 $14) ({Predecessor:} 11... Ne5 12. b3 Ne8 13. Bb2 Nc7 14. Qd2 Bxh3 15. Rad1 Bxg2 16. Kxg2 b5 17. f4 Nc6 18. Qxd6 Qxd6 19. Rxd6 {0-1 (40) Shuklin,N (2144)-Severiukhina,Z (2237) Izhevsk 2007}) 12. a4 (12. Qxd6 $16 {And now Rd1 would win.} b5 13. Rd1) 12... Ne5 $14 {White is slightly better.} 13. b3 Ne8 {[%cal Oe5c4]} 14. Bd2 Nc7 15. a5 b5 16. axb6 $1 Rxb6 17. Ne3 Nc6 18. Ra3 Be6 19. f4 {[%cal Bf2f4,Bf4f5][%mdl 32] White is better.} Nb4 20. f5 Bd7 21. Kh1 Bc6 {Weighted Error Value: White=0.14 (very precise) /Black=0.21 (precise)} 1-0

[Event "Marmaris Karya-12 IM 2022"]
[Site "Icmeler-Marmaris"]
[Date "2022.01.23"]
[Round "9.3"]
[White "Atayman, Evren"]
[Black "Sibashvili, Giorgi"]
[Result "0-1"]
[WhiteElo "1616"]
[BlackElo "2398"]
[Annotator "TA"]
[PlyCount "44"]
[EventDate "2022.01.22"]
[EventType "schev"]
[EventCountry "TUR"]
[SourceTitle "playchess.com"]
[Source "ChessBase"]
[SourceQuality "1"]

{[%evp 16,44,-36,-74,20,0,0,8,10,-11,13,4,7,14,19,-80,-90,-250,-252,-602,-247,-341,-314,-333,-340,-333,-318,-6375,-6367,-5635,-5589]} 1. e4 c6 2. d4 d5 3. exd5 cxd5 4. c4 Nf6 5. Nc3 e6 6. Nf3 Be7 7. Bg5 O-O 8. c5 {has lost popularity (8.Bd3).} b6 $1 {The main line 8...b6 scores better than 8...Nc6.} 9. b4 h6 {B14: Caro-Kann: Panov-Botvinnik Attack with 5...e6 and 5...g6.} (9... a5 $17 10. Na4 Nfd7 11. Bxe7 Qxe7) 10. Bf4 bxc5 11. bxc5 {[#]} Ne4 $146 {The position is equal.} ({Predecessor:} 11... Nc6 12. Bb5 Bb7 13. O-O Ne4 14. Rc1 Qa5 15. Bxc6 Bxc6 16. Ne5 Bb5 17. Nxb5 Qxb5 {1-0 (59) Goslawski,M (2067)-Jozwik,J (2007) Warsaw 2012}) 12. Qb3 Nc6 {...g5 is the strong threat.} 13. Bb5 Nxd4 14. Nxd4 {aiming for Nxe4.} Bxc5 {[%cal Be7c5,Bc5d4,Bd4f2][%mdl 32]} 15. Nxe4 (15. Be3 $11 {keeps the balance.}) 15... Bxd4 $17 16. Rc1 {This move loses the game for White.} (16. Rd1 $17 {only move.} dxe4 17. O-O) 16... dxe4 $19 17. Bc6 $2 (17. O-O) 17... Qf6 18. O-O {[#]} Qxf4 19. Bxa8 {[#]} Bxf2+ {[%mdl 512] This bishop pair is nice.} 20. Kh1 {[%cal Oa8e4]} Ba6 {[%csl LRa8,LRf1]} 21. Qa4 $2 (21. g3 Qf5 22. Rxf2 Qxf2 23. Bxe4) 21... Bxf1 22. Rxf1 Rxa8 {Weighted Error Value: White=1.48/Black=0.50} 0-1

[Event "Marmaris Karya-12 IM 2022"]
[Site "Icmeler-Marmaris"]
[Date "2022.01.23"]
[Round "9.5"]
[White "Ozturk, Ibrahim Muhammed"]
[Black "Ahmad, Al Khatib"]
[Result "0-1"]
[WhiteElo "1265"]
[BlackElo "2218"]
[Annotator "TA"]
[PlyCount "48"]
[EventDate "2022.01.22"]
[EventType "schev"]
[EventCountry "TUR"]
[SourceTitle "playchess.com"]
[Source "ChessBase"]
[SourceQuality "1"]

{[%evp 15,48,-21,-13,-56,-31,-53,-54,-40,-41,-55,-54,-71,54,0,11,0,102,10,18,-204,-226,-195,-214,-199,-212,-221,-133,-179,-172,-905,-905,-901,-897,-892,-892]} 1. e4 c5 2. Nf3 Nc6 3. d4 cxd4 4. Nxd4 g6 5. Be3 Bg7 6. c3 Nf6 {[%cal Bg8f6,Bf6d5,Bd5e3][%mdl 32]} 7. Nd2 O-O 8. Be2 d5 9. Qc2 {B34: Sicilian: Accelerated Dragon with 5 Nc3: sidelines.} (9. f3 $11) 9... dxe4 10. Nxe4 {[#]} Nd5 $146 ({Predecessor:} 10... Ng4 11. Bxg4 Bxg4 12. Nxc6 bxc6 13. f3 Be6 14. O-O Qc7 15. Qa4 Bd5 16. Bd4 Bxe4 17. Bxg7 Kxg7 18. Qxe4 {1-0 (51) Romanova,E (1549)-Khovpei,O (1352) Stara Lubovna 2021}) 11. O-O-O {Black is slightly better.} Nxe3 12. fxe3 {[#] Strongly threatening Nxc6.} Qa5 13. Kb1 e5 (13... Ne5 $17) 14. Nb3 (14. Nxc6 $14 {should be considered.} bxc6 15. Nd6) 14... Qb6 $11 15. h4 a5 (15... h5 $11) 16. a4 (16. Nbc5 $16) 16... Bf5 {[#] White must now prevent ...Bxe4.} (16... Qxe3 17. Nbc5 Rd8 18. Rde1) 17. g4 $2 {Now White is beyond hope.} ({Much worse is} 17. Nbc5 Rac8 $11) (17. Nbd2 $11) 17... Bxe4 $19 18. Qxe4 {[%cal Oh4h5]} Qxb3 19. Bc4 Qb6 20. h5 {hxg6 is the strong threat.} Ne7 21. Rd7 Qc6 22. Bd5 (22. Qxc6 Nxc6 23. h6) 22... Qxd7 {Black is clearly winning.} 23. Bb3 Qc6 24. Qxc6 Nxc6 {Weighted Error Value: White=0.93/Black=0.36} 0-1

[Event "Marmaris Karya-12 IM 2022"]
[Site "Icmeler-Marmaris"]
[Date "2022.01.23"]
[Round "10.1"]
[White "Boshra, Alshaeby"]
[Black "Koseoglu, Osman Ogul"]
[Result "1-0"]
[WhiteElo "1974"]
[BlackElo "1733"]
[Annotator "TA"]
[PlyCount "49"]
[EventDate "2022.01.22"]
[EventType "schev"]
[EventCountry "TUR"]
[SourceTitle "playchess.com"]
[Source "ChessBase"]
[SourceQuality "1"]

{[%evp 14,49,14,-6,25,15,41,33,253,246,252,251,256,277,344,344,339,337,365,373,367,362,374,373,356,315,388,365,378,362,433,416,484,473,477,477,460,452]} 1. e4 c5 2. Nf3 {[%cal Bg1f3,Bf3g5,Bg5f7][%mdl 32]} Nc6 3. Nc3 e5 4. Bc4 Be7 5. O-O Nf6 6. Ng5 O-O 7. d3 d6 8. f4 {[%cal Bf2f4,Bf4e5][%mdl 32]} Bg4 {B30: Sicilian: 2...Nc6 3 Bb5, lines without ...g6.} 9. Qe1 Nd4 10. Qh4 {Strongly threatening fxe5.} h6 $2 (10... Nxc2 $2 {[#]} 11. fxe5 $1 dxe5 12. Rxf6 $1 $18 {[%mdl 512]}) (10... h5 $14) 11. Nxf7 $1 $18 Rxf7 12. Bxf7+ Kxf7 13. fxe5 {[%mdl 64] [#] Pin} Be2 $146 ({Predecessor:} 13... dxe5 14. Qxg4 Nxc2 15. Rb1 Qxd3 16. Bxh6 gxh6 17. Nd5 Qd4+ 18. Kh1 Ne3 19. Nxe3 Qxe3 {1-0 (32) Hermanowicz,D (2116)-Chlost,M (2062) Lubniewice 2002}) 14. Nxe2 {Really sharp!} Nxe2+ 15. Kh1 dxe5 16. Qh5+ $1 Kg8 17. Qxe2 Qd6 18. Bd2 Rd8 19. Rf2 Nh7 20. Raf1 {[%cal Ba1f1,Bf1f3,Bf3g3][%mdl 32]} Qg6 21. Rf5 Bd6 22. R1f3 Rf8 23. Rg3 {White is clearly winning.} Qe6 24. Qg4 {[%csl Gg3][%cal Rg4g7]} Rf7 25. h4 {Black got outplayed after the opening.  Weighted Error Value: White=0.08 (flawless) /Black=0.46} 1-0

[Event "Marmaris Karya-12 IM 2022"]
[Site "Icmeler-Marmaris"]
[Date "2022.01.23"]
[Round "10.2"]
[White "Sibashvili, Giorgi"]
[Black "Inci, Okan"]
[Result "1-0"]
[WhiteElo "2398"]
[BlackElo "1653"]
[Annotator "TA"]
[PlyCount "119"]
[EventDate "2022.01.22"]
[EventType "schev"]
[EventCountry "TUR"]
[SourceTitle "playchess.com"]
[Source "ChessBase"]
[SourceQuality "1"]

{[%evp 26,119,47,0,53,31,55,28,56,50,95,54,55,63,78,39,42,16,17,24,42,23,25,58,60,18,92,35,31,47,46,43,43,44,46,45,46,46,46,38,93,64,255,256,343,354,321,320,373,0,0,0,387,369,368,359,1008,1035,889,860,764,694,3569,1268,6529,6303,4271,3341,29952,29954,29947,29955,12479,12382,29936,29953,7727,7697,29971,6660,29976,29977,29976,1046,29972,834,29964,29974,29977,29977,29986,29987,29987,29988,29988,29988]} 1. c4 Nf6 2. g3 g6 3. Bg2 Bg7 4. Nc3 O-O 5. d4 d6 6. Nf3 Nbd7 7. O-O e5 8. e4 c6 9. b3 Re8 10. Bb2 exd4 11. Nxd4 Nc5 12. Qc2 a5 13. Rad1 Qc7 14. Rfe1 (14. Ba3 $14) 14... Bd7 {E68: King's Indian: Fianchetto: 6...Nbd7 7 0-0 e5 8 e4.} (14... Nfd7 $11) 15. h3 Rad8 16. f4 Bc8 {White has an edge.} 17. Qf2 {[#]} Nfd7 $146 {[#]} (17... Qb6 $14 {is more appropriate.}) ({Predecessor:} 17... h5 18. Rd2 Re7 19. e5 Ne8 20. Ndb5 cxb5 21. Nd5 dxe5 22. Nxe7+ Qxe7 23. Rxd8 Qxd8 24. Qxc5 exf4 {1-0 (51) Ricardi,P (2527)-Lemos,D (2439) San Luis 2007}) 18. Ba3 (18. Ndb5 $1 $16 {[%cal Rb5c7]} cxb5 19. Nxb5) 18... Bf8 19. Rd2 Na6 20. Nc2 {White is much more active.} Ndc5 21. Red1 f5 22. exf5 $1 gxf5 23. Re2 Bg7 24. Rxe8+ Rxe8 {[#]} 25. Na4 (25. Re1 $1 $14 Re7 (25... Re6 26. Rxe6) 26. Qd2) 25... b6 (25... Nxa4 $11 {keeps the balance.} 26. Bxd6 (26. bxa4 Bf8 $11) 26... Qf7 27. bxa4 Qxc4) 26. Bb2 (26. Bf3 $16) 26... Bxb2 $14 27. Nxb2 Ne4 28. Bxe4 Rxe4 29. Na4 Nc5 30. Nxc5 bxc5 31. Qd2 $1 Qg7 32. Kf2 Qe7 ({Black should play} 32... Qb2 $14) 33. Re1 Bb7 $2 ({Better is} 33... Rxe1 $14 34. Nxe1 (34. Qxe1 Qxe1+ 35. Kxe1 Kf7 $11) 34... a4) 34. Qxa5 $18 d5 35. Ne3 Qf8 36. Qc7 d4 (36... Re7 $2 37. Qd6) 37. Qxb7 (37. Ng2 $18) 37... dxe3+ $11 38. Rxe3 Rxe3 {[%mdl 8192] Black is on the road to losing.} (38... Qd8 $1 $11 39. Rxe4 fxe4) 39. Kxe3 $18 {[%mdl 4096] Endgame KQ-KQ} Qe8+ 40. Kf2 h5 $2 (40... Qd8 41. Ke2 (41. Qxc6 Qd4+ 42. Kf3 Qc3+ 43. Kg2 Qb2+ 44. Kh1 Qxa2 $18) 41... Qe8+ 42. Kd2 Qd8+ 43. Kc2 Qe8) 41. h4 Qd8 42. Qxc6 Qd2+ 43. Kg1 Qe1+ 44. Kh2 Qf2+ 45. Qg2 Qe3 46. Qc2 {Threatening mate with a4.} Kg7 47. a4 ({Not} 47. Qxf5 Qf2+ 48. Kh3 Qf1+ 49. Kh2 Qf2+ 50. Kh3 Qf1+ 51. Kh2 Qf2+ $11) 47... Qe1 48. Qa2 ({Weaker is} 48. Qxf5 Qf2+ 49. Kh3 Qf1+ 50. Kh2 Qf2+ 51. Kh3 Qf1+ 52. Kh2 Qf2+ $11) 48... Qa5 49. Qe2 {Intending Qe7+ and mate.} Kf8 {Prevents Qe7+.} 50. Qd3 Ke7 51. Qxf5 {Kh3 would kill now.} Qd2+ 52. Kh3 Qd1 53. Qxc5+ Ke8 54. Kg2 (54. Qc6+ $142 Ke7 55. a5 Qf1+ 56. Qg2 Qe1 57. Qb7+ Kf6 58. Qc6+ Kg7 59. a6) 54... Qe2+ {[#]} 55. Qf2 $1 Qe4+ 56. Kh2 {White mates.} Kf7 57. a5 {[%cal Ba4a5,Ba5a6,Ba6a7][%mdl 32]} Kf6 58. a6 Kf5 59. a7 Qa8 60. b4 {Weighted Error Value: White=0.25 (precise) /Black=0.85} 1-0

[Event "Marmaris Karya-12 IM 2022"]
[Site "Icmeler-Marmaris"]
[Date "2022.01.23"]
[Round "10.3"]
[White "Darban, Morteza"]
[Black "Atayman, Evren"]
[Result "1-0"]
[WhiteElo "2261"]
[BlackElo "1616"]
[Annotator "TA"]
[PlyCount "73"]
[EventDate "2022.01.22"]
[EventType "schev"]
[EventCountry "TUR"]
[SourceTitle "playchess.com"]
[Source "ChessBase"]
[SourceQuality "1"]

{[%evp 17,73,35,38,29,20,24,19,5,25,14,104,20,11,10,22,0,0,0,0,0,0,0,0,0,0,0,37,48,50,68,42,8,8,8,8,8,8,11,15,15,11,0,0,0,0,0,0,6,89,90,118,92,5600,6079,6079,6079,4590,707]} 1. c4 Nf6 2. g3 e6 3. Bg2 d5 4. Nf3 Be7 5. O-O O-O 6. b3 d4 7. e3 Nc6 8. exd4 Nxd4 9. Bb2 c5 10. Nxd4 {A14: English Opening: 1...e6 with b3 by White.} (10. d3 {is more complex.} Re8 11. Re1 Qb6 12. Nbd2 Bd7 13. Ne5) 10... cxd4 11. Re1 Re8 12. d3 {[#] The position is equal.} a5 $146 {[%cal Oa5a4]} ({Predecessor:} 12... Bb4 13. Nd2 e5 14. a3 Ba5 15. b4 Bc7 16. Ne4 Rb8 17. f3 {½-½ (17) Marchesotti,G-Gallo,C Italy 1988}) 13. Nd2 a4 (13... Bc5 $11) 14. bxa4 (14. a3 $16) 14... Bb4 15. Re5 Bd7 $1 16. Bxb7 Bxa4 17. Nb3 Rb8 18. Bg2 Nd7 19. Re2 Nc5 20. Rb1 e5 21. Bd5 Rb6 22. Bc1 Qb8 23. f4 e4 $1 24. Bxe4 (24. dxe4 {feels hotter.} Bc3 25. Bd2 Bxb3 26. axb3 Rxb3 27. Rxb3 Qxb3 28. Qxb3 Nxb3 29. Be1) 24... Nxe4 25. dxe4 Bc3 {A strong pair of Bishops.} 26. Qd3 Bxb3 27. axb3 Rxb3 28. Rxb3 Qxb3 29. Bb2 Rb8 30. Bxc3 dxc3 $11 {[%mdl 4096] Endgame KQR-KQR} 31. Kg2 h6 32. e5 ({Don't go for} 32. Rc2 $2 Qxc2+ $3 {[%mdl 512]} 33. Qxc2 Rb2 $19) 32... Qb7+ {[#]} (32... Rc8 $11 {remains equal.}) 33. Kh3 $1 $16 Qc8+ 34. e6 $1 Rb2 $2 {[%mdl 8192] [#]} (34... Rb6 $16) 35. Qd7 $1 $18 {[%mdl 512] White is clearly winning.} Qxc4 36. exf7+ ({Less strong is} 36. Qxf7+ Kh8 $16) 36... Qxf7 37. Re8+ {Weighted Error Value: White=0.09 (flawless) /Black=0.18 (very precise)} 1-0